Sports Quiz

Random Sports or MLB Quiz
Score 0/87 Timer 12:00
1 Play Today
PA Player Name % Correct
12,602Derek Jeter
87.1%
15,890Pete Rose
85.7%
10,622Babe Ruth
84.8%
12,883Cal Ripken Jr.
83.6%
12,207Alex Rodriguez
83.5%
12,606Barry Bonds
82.9%
13,941Hank Aaron
82.2%
12,496Willie Mays
81%
10,519Billy Williams
79.8%
13,087Ty Cobb
79.7%
10,270Ivan Rodriguez
77.4%
10,778Ozzie Smith
73.3%
11,304Ken Griffey Jr.
73.2%
11,782Brooks Robinson
71.8%
11,742Frank Robinson
71.8%
11,418Reggie Jackson
69.7%
10,614Chipper Jones
69.4%
13,346Rickey Henderson
68.6%
13,992Carl Yastrzemski
68%
10,062Mike Schmidt
67.7%
12,718Stan Musial
67.1%
12,504Craig Biggio
66%
10,075Frank Thomas
64.8%
11,749Honus Wagner
63.4%
11,625George Brett
62%
12,249Robin Yount
61.5%
10,091David Ortiz
61.1%
12,817Eddie Murray
59.9%
12,231*Albert Pujols
59.4%
PA Player Name % Correct
10,232Tony Gwynn
58.8%
12,167Paul Molitor
57.8%
10,211Roberto Clemente
57.1%
10,394Ernie Banks
56.7%
10,313Jim Thome
56%
10,740Wade Boggs
54.3%
11,329Joe Morgan
54.1%
10,351Nellie Fox
53.8%
10,734Ichiro
53%
12,358Dave Winfield
51.8%
11,596Al Kaline
50.9%
12,046Rafael Palmeiro
50.5%
10,252Sam Rice
50.4%
11,348Mel Ott
50%
10,550Rod Carew
46.8%
10,400Roberto Alomar
46.6%
12,013Omar Vizquel
46.3%
10,531Luis Gonzalez
46.1%
11,995Tris Speaker
44.9%
10,769Andre Dawson
44.2%
12,130Adrian Beltre
43.8%
11,331Cap Anson
43.6%
10,100Eddie Mathews
40.8%
10,569Dwight Evans
40.4%
10,737Darrell Evans
40.4%
11,240Lou Brock
39.8%
10,461Nap Lajoie
39.4%
10,861Tony Perez
38.2%
10,947Gary Sheffield
37.3%
PA Player Name % Correct
11,031Carlos Beltran
37.3%
10,009Buddy Bell
35.6%
10,240Jimmy Rollins
35.6%
10,766Paul Waner
34.5%
10,178George Davis
34.4%
10,359Tim Raines
33.5%
10,174Fred McGriff
33%
10,236*Miguel Cabrera
32.8%
12,046Eddie Collins
32.2%
10,184Dave Parker
31.6%
11,092Harold Baines
30.8%
11,230Luis Aparicio
29%
10,245Charlie Gehringer
27.6%
10,228Graig Nettles
25.7%
10,594Sam Crawford
24.1%
10,254Luke Appling
22.9%
10,917Johnny Damon
21.5%
11,229Rusty Staub
18%
10,099Frankie Frisch
15.4%
10,460Steve Finley
15%
10,081Bobby Abreu
15%
10,037Bill Buckner
14.7%
10,006Zack Wheat
14.5%
11,254Rabbit Maranville
12.8%
10,402Vada Pinson
11.3%
10,769Max Carey
7.9%
10,504Jake Beckley
6.7%
10,254Harry Hooper
6%
10,405Bill Dahlen
4.9%

You're not logged in!

Compare scores with friends on all Sporcle quizzes.
OR
Log In

Sporcle TV

Today on Sporcle TV


Watch our educational content, quiz creation guides, and fun videos on Sporcle TV.

Show Comments

Extras

Top Quizzes Today


Score Distribution

Paid Content

Your Account Isn't Verified!

In order to create a playlist on Sporcle, you need to verify the email address you used during registration. Go to your Sporcle Settings to finish the process.

Report this User

Report this user for behavior that violates our Community Guidelines.

Details: